000 00703nam a2200181 i 4500
001 85228
003 ES-MaACL
005 20230906175214.0
007 t|
008 041126s1922 sp ||||1| spa d
100 1 _aJiménez de Asúa, Felipe.
_966490
245 1 0 _aSobre el orígen de las células cosinófilas del tejido conectivo /
_cFelipe Jiménez de Asúa.
260 _a[Madrid :
_bs.n.,
_c1922] (
_fJiménez y Molina)
300 _a9 h., 2 lám. ;
_c24 cm.
500 _aTrabajos del Laboratorio Histopatológico de la Junta para ampliación de estudios, nº 24.
500 _aEs tirada aparte de: Libro en honor de D. Santiago Ramón y Cajal, T. II, p. 197-214.
852 _aES-MaACL
_j1648-F-4
999 _c85228
_d85228